| Поле | Инд. | ПП | Название | Значение |
|---|---|---|---|---|
| Тип записи | a | |||
| Библиографический уровень | a | |||
| 001 | Контрольный номер | RU/IS/BASE/262108493 | ||
| 005 | Дата корректировки | 20240115094229.4 | ||
| 084 | a | Индекс другой классификации/Индекс ББК | 63.5(2=Рус)-7; 63.3(2)-7 | |
| 090 | 00 | a | Полочн. индекс | 63.5(2=Рус) |
| x | Авторский знак | Р 893 | ||
| 100 | 10 | a | Автор | Макашина Т. С. |
| 245 | 00 | a | Заглавие | Свадебный обряд |
| 650 | 04 | a | Основная рубрика | исторические науки |
| a | Основная рубрика | этнология (этнография) | ||
| 653 | 00 | a | Ключевые слова | X век |
| a | Ключевые слова | XI век | ||
| a | Ключевые слова | XII век | ||
| a | Ключевые слова | XIII век | ||
| a | Ключевые слова | XIV век | ||
| a | Ключевые слова | XIX век | ||
| a | Ключевые слова | XV век | ||
| a | Ключевые слова | XVI век | ||
| a | Ключевые слова | XVII век | ||
| a | Ключевые слова | XVIII век | ||
| a | Ключевые слова | XX век | ||
| a | Ключевые слова | брак | ||
| a | Ключевые слова | венчание | ||
| a | Ключевые слова | гражданский брак | ||
| a | Ключевые слова | женщины | ||
| a | Ключевые слова | история | ||
| a | Ключевые слова | новейшее время | ||
| a | Ключевые слова | новое время | ||
| a | Ключевые слова | обряды | ||
| a | Ключевые слова | ритуалы | ||
| a | Ключевые слова | русская культура | ||
| a | Ключевые слова | русские | ||
| a | Ключевые слова | свадебные обряды | ||
| a | Ключевые слова | свадьба | ||
| a | Ключевые слова | сватовство | ||
| a | Ключевые слова | семейные отношения | ||
| a | Ключевые слова | семейный быт | ||
| a | Ключевые слова | семья | ||
| a | Ключевые слова | сословия | ||
| a | Ключевые слова | социальный строй | ||
| a | Ключевые слова | средние века | ||
| a | Ключевые слова | традиции | ||
| a | Ключевые слова | христианство | ||
| a | Ключевые слова | церковный брак | ||
| 773 | 00 | d | Дата издания источника | Москва, 1999 |
| g | Прочая информация | С. 466-500 | ||
| t | Заглавие источника | Русские | ||
| w | Контрольный № источника | RU/IS/BASE/102094566 | ||
| 901 | t | Тип документа | a |